000 00647nam a2200193Ia 4500
008 240729s9999 xx 000 0 und d
022 _a1903-7260
245 0 _aJournal of Information Architecture
260 _aSweden
260 _bJournal of Information Architecture
650 _a Industrial engineering. Management engineering
650 _a Information resources (General) | Technology
650 _a Information technology
650 _a Technology (General)
650 _aBibliography. Library science. Information resources
856 _uhttps://doaj.org/toc/2ffbf0e239124a79bba3d1c379d7d5ed
942 _2ddc
942 _cDOAJEJ
999 _c69249
_d69249
945 _a1
_bMadushi Gamage
_c1
_dMadushi Gamage